00322nam a2200121Ia 450000500170000000800410001708200130005810000160007124500270008726000410011430000120015550000330016720250320143158.0240331s9999 xx 000 0 und d bNUHa894 aNuhman, M.A 0aThathamarum perarkalum aKalmunaibReader's Associationc1977 a72 p ., aA Collection of Longer Poems